|
|
|
|
| LEADER |
00000cam a22000004a 4500 |
| 001 |
musev2_6470 |
| 003 |
MdBmJHUP |
| 005 |
20230905040745.0 |
| 006 |
m o d |
| 007 |
cr||||||||nn|n |
| 008 |
070226s2007 alu o 00 0 eng d |
| 010 |
|
|
|z 2007008277
|
| 020 |
|
|
|a 9780817382018
|
| 020 |
|
|
|z 9780817354596
|
| 020 |
|
|
|z 9780817315917
|
| 035 |
|
|
|a (OCoLC)426526602
|
| 040 |
|
|
|a MdBmJHUP
|c MdBmJHUP
|
| 043 |
|
|
|a n-usu--
|
| 050 |
0 |
4 |
|a E99.M6815
|b A74 2007
|
| 082 |
0 |
|
|a 720.975/0902
|2 22
|
| 245 |
0 |
0 |
|a Architectural Variability in the Southeast /
|c edited by Cameron H. Lacquement.
|
| 264 |
|
1 |
|a Tuscaloosa :
|b University of Alabama Press,
|c 2007.
|
| 264 |
|
3 |
|a Baltimore, Md. :
|b Project MUSE,
|c 2012
|
| 264 |
|
4 |
|c ©2007.
|
| 300 |
|
|
|a 1 online resource (238 pages):
|b ill., maps ;
|
| 336 |
|
|
|a text
|b txt
|2 rdacontent
|
| 337 |
|
|
|a computer
|b c
|2 rdamedia
|
| 338 |
|
|
|a online resource
|b cr
|2 rdacarrier
|
| 500 |
|
|
|a Papers originally presented at a symposium titled "Variability in Native American Architecture of the Late Prehistoric and Early Historic Southeast," presented at the 62nd Southeastern Archaeological Conference in Columbia, South Carolina, in 2005.
|
| 500 |
|
|
|a "A Dan Josselyn memorial publication"--P. [ii].
|
| 504 |
|
|
|a Includes bibliographical references (p. [193]-214) and index.
|
| 505 |
0 |
|
|a Introduction to architectural variability in the Southeast / Cameron H. Lacquement -- Evidence of curved roof construction in Mississippian structures / Nelson A. Reed -- An experimental perspective on Mississippian small pole structures / Dennis B. Blanton and Tom H. Gresham -- Typology, chronology, and technological changes of Mississippian domestic architecture in west-central Alabama / Cameron H. Lacquement -- In-ground evidence of above-ground architecture at Kincaid Mounds / Tamira K. Brennan -- A comparison of burned Mississippian houses from Illinois / Mark A. McConaughy -- A WPA deja vu on Mississippian architecture / Lynne P. Sullivan -- An architectural grammar of late Mississippian houses in northwest Georgia / Ramie A. Gougeon -- A Mississippian sweat lodge / Robert H. Lafferty, III -- Interpreting changes in historic Creek household architecture at the turn of the nineteenth century / Robert J. Scott -- Conclusions: Taking architecture seriously / Vernon J. Knight, Jr.
|
| 588 |
|
|
|a Description based on print version record.
|
| 650 |
|
0 |
|a Indians of North America
|z Southern States
|x Antiquities
|v Congresses.
|
| 650 |
|
0 |
|a Indians of North America
|x Dwellings
|z Southern States
|v Congresses.
|
| 650 |
|
0 |
|a Mississippian culture
|z Southern States
|v Congresses.
|
| 651 |
|
0 |
|a Southern States
|x Antiquities
|v Congresses.
|
| 655 |
|
7 |
|a Electronic books.
|2 local
|
| 700 |
1 |
|
|a Lacquement, Cameron H.,
|d 1978-
|
| 710 |
2 |
|
|a Project Muse.
|e distributor
|
| 830 |
|
0 |
|a Book collections on Project MUSE.
|
| 856 |
4 |
0 |
|z Texto completo
|u https://projectmuse.uam.elogim.com/book/6470/
|
| 945 |
|
|
|a Project MUSE - Custom Collection
|
| 945 |
|
|
|a Project MUSE - Archive Complete Foundation
|
| 945 |
|
|
|a Project MUSE - Archive Archaeology and Anthropology Foundation
|
| 945 |
|
|
|a Project MUSE - Archive Native American and Indigenous Studies Foundation
|